Statistics for Guess the social media logo

Click here to take the quiz!

General Stats

  • This quiz has been taken 68 times
  • The average score is 14 of 18

Answer Stats

Answer% Correct
Facebook
100%
Instagram
100%
Snapchat
98%
TikTok
98%
Twitter
98%
YouTube
98%
Pinterest
90%
WhatsApp
88%
Reddit
84%
Discord
78%
Twitch
76%
Messenger
74%
LinkedIn
60%
Quora
55%
Telegram
55%
Tumblr
43%
WeChat
40%
Omegle
28%

Score Distribution

Percentile by Number Answered

Percent of People with Each Score

Your Score History

You have not taken this quiz